00790nam a22002177a 450000100090000000300040000900500170001300800410003001000170007102000150008803500220010304000130012504200100013808200170014824502120016526000570037730000280043450000220046271000300048471000580051413105526OSt20230606124325.0020312s2002 ke a 000 0 eng  a 2001313726 a9966957006 a(DLC) 2001313726 aDLCcDLC alcode a352.067bALG04aThe local government we want in Kenya :ba chapter on the local government position as ratified by the Annual General Assembly held in Eldoret /cAssociation of Local Government Authorities of Kenya (ALGAK). aNairobi :bFriedrich Ebert Stiftung :bALGAK,c2002. a18 p. :bill. ;c21 cm. a"December, 1999."2 aFriedrich-Ebert-Stiftung.2 aAssociation of Local Government Authorities of Kenya.